<?xml version="1.0" encoding="UTF-8"?>
<record
    xmlns:xsi="http://www.w3.org/2001/XMLSchema-instance"
    xsi:schemaLocation="http://www.loc.gov/MARC21/slim http://www.loc.gov/standards/marcxml/schema/MARC21slim.xsd"
    xmlns="http://www.loc.gov/MARC21/slim">

  <leader>01632    a2200205   4500</leader>
  <controlfield tag="001">23314</controlfield>
  <controlfield tag="005">20260407155521.0</controlfield>
  <controlfield tag="008">260407a1969    arg                 spa d</controlfield>
  <controlfield tag="003">AR-UNSa-BCEJYS</controlfield>
  <datafield tag="040" ind1=" " ind2=" ">
    <subfield code="a">AR-UNSa-BCEJYS</subfield>
    <subfield code="b">spa</subfield>
    <subfield code="c">AR-UNSa-BCEJYS</subfield>
  </datafield>
  <datafield tag="080" ind1=" " ind2=" ">
    <subfield code="a">657.23</subfield>
    <subfield code="x">Compensaciones. Correcciones. Ajustes (devaluaci&#xF3;n monetaria)</subfield>
  </datafield>
  <datafield tag="245" ind1="1" ind2="0">
    <subfield code="a">Contabilidad e Inflaci&#xF3;n</subfield>
  </datafield>
  <datafield tag="264" ind1=" " ind2="1">
    <subfield code="a">Buenos Aires :</subfield>
    <subfield code="b">Ediciones Econom&#xED;a y Empresa</subfield>
    <subfield code="c">1969</subfield>
  </datafield>
  <datafield tag="300" ind1=" " ind2=" ">
    <subfield code="a">206 p.</subfield>
    <subfield code="c">23 cm.</subfield>
  </datafield>
  <datafield tag="505" ind1=" " ind2=" ">
    <subfield code="a">1. La contabilidad y las fluctuaciones en el poadquisitivo de la moneda - 2. Definici&#xF3;n del problema contables de los cambios en el poder adquisitivo de la moneda - 3. El &#xED;ndice aplicable - 4. Alcance de los ajustes - 5. An&#xE1;lisis general del comportamiento de los rubros frente a los cambios en el poder adquisitivo de la moneda - 6. Car&#xE1;cter de los ajustes - 7. M&#xE9;todo para realizar los ajustes - 8. Determinaci&#xF3;n de las perdidas y ganancias de poder adquisitivo - 9. Imputaci&#xF3;n de las p&#xE9;rdidas y ganancias de poder adquisitivo - 10. Ajuste directo a valores de mercado como excepci&#xF3;n a la norma general - 11. Disponibilidades y cr&#xE9;ditos - 12. Bienes de cambio y costo de las mercader&#xED;as o productos vendidos - 13. Inversiones - 14. Bienes de uso, bienes inmateriales y amortizaciones - 15. Cargos y utilidades diferidas - 16. Deudas, provisiones y previsiones - 17. Capital, reservas y resultados acumulados - 18. Resultados del ejercicio - 19. Presentaci&#xF3;n y dictamen de los estados ajustados</subfield>
  </datafield>
  <datafield tag="942" ind1=" " ind2=" ">
    <subfield code="c">BK</subfield>
  </datafield>
  <datafield tag="590" ind1=" " ind2=" ">
    <subfield code="a">niveau_biblio:m niveau_hierar:0</subfield>
  </datafield>
  <datafield tag="100" ind1="1" ind2=" ">
    <subfield code="a">Chapman, William Leslie</subfield>
  </datafield>
  <datafield tag="700" ind1="1" ind2=" ">
    <subfield code="a">Lazzati, Santiago Carlos</subfield>
  </datafield>
  <datafield tag="999" ind1=" " ind2=" ">
    <subfield code="c">1103</subfield>
    <subfield code="d">1103</subfield>
  </datafield>
  <datafield tag="952" ind1=" " ind2=" ">
    <subfield code="0">0</subfield>
    <subfield code="1">0</subfield>
    <subfield code="4">0</subfield>
    <subfield code="7">0</subfield>
    <subfield code="a">BCEJYS</subfield>
    <subfield code="b">BCEJYS</subfield>
    <subfield code="c">16</subfield>
    <subfield code="d">2026-04-07</subfield>
    <subfield code="l">0</subfield>
    <subfield code="o">657.23 L432c</subfield>
    <subfield code="p">L22055</subfield>
    <subfield code="r">2026-04-07 15:55:21</subfield>
    <subfield code="w">2026-04-07</subfield>
    <subfield code="y">L</subfield>
  </datafield>
</record>
